| 000 | 00633nam a22001937a 4500 | ||
|---|---|---|---|
| 003 | OSt | ||
| 005 | 20260429162813.0 | ||
| 008 | 260429b |||||||| |||| 00| 0 eng d | ||
| 020 | _a9781032555959 | ||
| 020 | _a9781003431350 | ||
| 040 |
_aMMARA-U _beng _cMMARA-U _dMMARA-U |
||
| 050 | _aKN 2460 .I58 2024 | ||
| 245 |
_aInternational Human Rights and Local Courts : _bHuman Rights Interpretation in Indonesia / _cEdited by Aksel Tomte and Eko Riyadi. |
||
| 260 |
_aLondon : _bRoutledge, _c2024. |
||
| 300 |
_axvi, 180 pages : _bIllustrations ; |
||
| 504 | _aIncludes Index. | ||
| 650 |
_aPhilosophical. _93222 |
||
| 942 |
_2lcc _cLOAN LOAN |
||
| 999 |
_c33545 _d33542 |
||